[Event "Druzynowe Mistrzostwa Polski Juniorow - II liga"]
[Site "Sypniewo k. Jastrowia"]
[Date "2023-06-18"]
[Round "5.18"]
[White "Grad, Barbara"]
[Black "Popczynska, Michalina"]
[Result "0-1"]
[WhiteTitle "II"]
[BlackTitle "I"]
[WhiteElo "1161"]
[BlackElo "1457"]

1. e4 2. c5 3. Nf3 4. Nc6 5. Bb5 6. g6 7. Bxc6 8. dxc6 9. Nc3 10. Bg7 11. O-O 12.
Nf6 13. d3 14. O-O 15. h3 16. b6 17. Bg5 18. Ba6 19. Re1 20. Qc7 21. Qd2 22. e5
23. Rad1 24. Rad8 25. Qe3 26. Rfe8 27. Bh6 28. Nh5 29. Bxg7 30. Nxg7 31. Qg5 32.
Qe7 33. Qxe7 34. Rxe7 35. Ne2 36. f6 37. Nc1 38. Red7 39. Rd2 40. Ne6 41. Red1
42. Nd4 43. Nxd4 44. cxd4 45. Ne2 46. Kg7 47. f4 48. c5 49. Rf1 50. Rf8 51. Ng3
52. b5 53. a3 54. c4 55. dxc4 56. bxc4 57. fxe5 58. fxe5 59. Rfd1 60. Rb7 61.
c3 62. d3 63. Nf1 64. Rf4 65. Re1 66. Rc7 67. g3 68. Rff7 69. Ne3 70. Bb7 71.
Nd5 72. Rc5 73. Nb4 74. a5 75. Na2 76. Bc8 77. h4 78. Rc6 79. Nc1 80. Rd7 81.
b3 82. cxb3 83. Nxb3 84. a4 85. Nc1 86. Rxc3 87. Red1 88. Ba6 89. Ra2 90. Bc4
91. Ra1 92. d2 93. Kh2 94. Rc2 95. Kh3 96. Be6+ 97. g4 98. Rxc1 99. Raxc1 100.
dxc1=Q 101. Rxc1 102. Rd3+ 103. Kg2 104. Bxg4 105. Ra1 106. Bf3+ 107. Kf2 108.
Bxe4 109. Re1 110. Bf5 111. Ra1 112. e4 113. Ke2 114. Bg4+ 115. Kf2 116. Rf3+
117. Ke1 118. Rh3 119. Kd2 120. e3+ 121. Ke1 0-1

[Event "Druzynowe Mistrzostwa Polski Juniorow - II liga"]
[Site "Sypniewo k. Jastrowia"]
[Date "2023-06-18"]
[Round "5.19"]
[White "Wilgosz, Szczepan"]
[Black "Lechowski, Witold"]
[Result "0-1"]
[WhiteTitle "I"]
[BlackTitle "I"]
[WhiteElo "1650"]
[BlackElo "1635"]

1. e4 2. c5 3. Nf3 4. e6 5. d4 6. cxd4 7. Nxd4 8. a6 9. Nc3 10. Qc7 11. Bd3 12.
Nf6 13. Qe2 14. Bd6 15. Nf3 16. Nc6 17. h3 18. h6 19. O-O 20. O-O 21. Bd2 22.
Nh5 23. Rae1 24. Bc5 25. Kh1 26. Nf4 27. Bxf4 28. Qxf4 29. g3 30. Qc7 31. e5 32.
d6 33. exd6 34. Bxd6 35. Ne4 36. b6 37. Nxd6 38. Qxd6 39. Be4 40. Bb7 41. Rd1
42. Qc7 43. Nd4 44. Rfc8 45. c3 46. Ne7 47. Qf3 48. Bxe4 49. Qxe4 50. Rd8 51.
Nf3 52. Nd5 53. Ne5 54. Nf6 55. Qe2 56. a5 57. Nf3 58. Qc6 59. Kg1 60. Rac8 61.
Nd4 62. Qc5 63. Qf3 64. Qc4 65. Qb7 66. Rb8 67. Qa7 68. Rdc8 69. Nb3 70. Qa4 71.
Ra1 72. Nd5 73. Qa6 74. Qe4 75. Rfe1 76. Qf5 77. Nd4 78. Qxh3 79. Qe2 80. Nf6
81. Qf3 82. Rc5 83. Qf4 84. Re8 85. Qf3 86. Rh5 87. Qg2 88. Qxg2+ 89. Kxg2 90.
Rd5 91. Re2 92. Rc8 93. Rae1 94. g6 95. Re5 96. Rcc5 97. Rxd5 98. Rxd5 99. Re2
100. Nd7 101. Nc2 102. Rd3 103. Ne3 104. b5 105. Rc2 106. Ne5 107. Kf1 108. Kf8
109. Ke2 110. Rd7 111. b3 112. Nc6 113. Rd2 114. Rc7 115. c4 116. bxc4 117. Nxc4
118. Ke7 119. Ke3 120. Ra7 121. Rc2 122. Nb4 123. Rb2 124. h5 125. a3 126. Nd5+
127. Kd4 128. Ra6 129. Kc5 130. Nc7 131. Ne5 132. g5 133. Rd2 134. Nd5 135. Nc6+
136. Kf6 137. Nb8 138. Ra7 139. Nc6 140. Ra6 141. Nb8 142. Ra8 143. Nd7+ 144.
Kg6 145. Nb6 146. Nxb6 147. Kxb6 148. Rb8+ 149. Kxa5 150. Rxb3 151. Ka4 152. Rb1
153. Rd4 154. Rb2 155. f4 156. Rg2 157. fxg5 158. Rxg3 159. Kb4 160. Kxg5 161.
Rd1 162. h4 163. a4 164. h3 165. a5 166. h2 167. Rh1 168. Rh3 169. a6 170. Rh8
171. a7 172. Ra8 173. Rxh2 174. Rxa7 175. Kc5 176. Rd7 177. Rh7 178. Kg6 179.
Rh8 180. f5 181. Rg8+ 182. Kf6 183. Kc6 184. Rd1 185. Rf8+ 186. Ke5 187. Ra8 188.
f4 189. Ra5+ 190. Rd5 191. Ra1 192. Kf5 193. Rf1 194. Rd2 195. Kc5 196. e5 197.
Kc4 198. e4 199. Ra1 200. f3 201. Kc3 202. Rd6 0-1

[Event "Druzynowe Mistrzostwa Polski Juniorow - II liga"]
[Site "Sypniewo k. Jastrowia"]
[Date "2023-06-18"]
[Round "5.20"]
[White "Czak, Dominik"]
[Black "Marek, Grzegorz"]
[Result "1/2-1/2"]
[WhiteTitle "I"]
[BlackTitle "I"]
[WhiteElo "1583"]
[BlackElo "1651"]

1. d4 2. Nf6 3. c4 4. b6 5. Nc3 6. Bb7 7. Nf3 8. e6 9. g3 10. Be7 11. Bg2 12. Ne4
13. Qc2 14. Nxc3 15. Qxc3 16. O-O 17. O-O 18. d6 19. Bd2 20. Nd7 21. Qc2 22. f5
23. Bc3 24. g6 25. Rfd1 26. Bf6 27. Qb3 28. Qe7 29. Rac1 30. Kh8 31. Qc2 32. Rfd8
33. b3 34. Be4 35. Qb2 36. Qg7 37. h4 38. h6 39. Ne1 40. Bxg2 41. Nxg2 42. g5
43. hxg5 44. hxg5 45. d5 46. Bxc3 47. Qxc3 48. Qxc3 49. Rxc3 50. e5 51. g4 52.
f4 53. Rh3+ 54. Kg7 55. e3 56. Nf6 57. f3 58. Rh8 59. Rxh8 60. Rxh8 1/2-1/2

[Event "Druzynowe Mistrzostwa Polski Juniorow - II liga"]
[Site "Sypniewo k. Jastrowia"]
[Date "2023-06-18"]
[Round "5.21"]
[White "Zajadlak, Milosz"]
[Black "Galla, Wiktor"]
[Result "1/2-1/2"]
[WhiteTitle "II"]
[BlackTitle "II"]
[WhiteElo "1290"]
[BlackElo "1479"]

1. e4 2. e6 3. Nf3 4. d5 5. Nc3 6. dxe4 7. Nxe4 8. Nf6 9. Nxf6+ 10. Qxf6 11. d4
12. h6 13. Bd3 14. Bd6 15. c3 16. Bd7 17. Qe2 18. Nc6 19. O-O 20. O-O 21. Bc2
22. Ne7 23. Ne5 24. Bc6 25. Nxc6 26. bxc6 27. Qe4 28. Qf5 29. Qe2 30. Qf6 31.
Qe4 32. Qf5 33. Qe2 34. Qf6 35. Qe4 36. Qf5 37. Qe2 1/2-1/2

[Event "Druzynowe Mistrzostwa Polski Juniorow - II liga"]
[Site "Sypniewo k. Jastrowia"]
[Date "2023-06-18"]
[Round "5.22"]
[White "Pelczarski, Wojciech"]
[Black "Wasilko, Szymon"]
[Result "1-0"]
[WhiteTitle "II"]
[BlackTitle "II"]
[WhiteElo "1398"]
[BlackElo "1149"]

1. Nf3 2. d5 3. d4 Nf6 4. g3 5. Bf5 6. Bg2 7. e6 8. O-O 9. Nc6 10. c3 11. Bd6 12.
Re1 13. O-O 14. Bg5 15. h6 16. Bxf6 17. Qxf6 18. Nbd2 19. Qd8 20. e4 21. dxe4
22. Nxe4 23. Bxe4 24. Rxe4 25. Ne7 26. Qd2 27. Nd5 28. Rae1 29. Nf6 30. R4e2 31.
Qd7 32. Ne5 33. Qa4 34. b3 35. Qa6 36. Qe3 37. Nd5 38. Qf3 39. Bxe5 40. dxe5 41.
c6 42. c4 43. Nb4 44. Qc3 45. Nxa2 46. Qd2 47. Rfd8 48. Qxa2 49. Qxa2 50. Rxa2
51. Rd3 52. Re3 53. Rxe3 54. fxe3 55. a6 56. Rd2 57. a5 58. Rd7 59. a4 60. bxa4
61. Rxa4 62. Rxb7 Rxc4 63. Rc7 64. Rc1+ 65. Kf2 66. Rc2+ 67. Kf3 68. g5 69. h3
70. h5 71. Bf1 72. c5 73. Bb5 74. Kg7 75. Be8 76. c4 77. Bxf7 78. c3 79. Bxe6+
Kh6 80. Bf5 81. Rc1 82. Rh7# 1-0

[Event "Druzynowe Mistrzostwa Polski Juniorow - II liga"]
[Site "Sypniewo k. Jastrowia"]
[Date "2023-06-18"]
[Round "5.23"]
[White "Pietrzak, Emilia"]
[Black "Janikowska, Wiktoria"]
[Result "1-0"]
[WhiteTitle "I+"]
[BlackTitle "I+"]
[WhiteElo "1456"]
[BlackElo "1636"]

1. e4 2. c5 3. Nf3 4. d6 5. d4 6. cxd4 7. Qxd4 8. Nc6 9. Bb5 10. Bd7 11. Bxc6 12.
Bxc6 13. Nc3 14. Nf6 15. Bg5 e6 16. O-O-O 17. Be7 18. Rhe1 19. Qa5 20. Kb1 21.
O-O 22. e5 23. dxe5 24. Nxe5 25. Rad8 26. Qe3 27. Nd5 28. Rxd5 29. exd5 30. Bxe7
31. d4 32. Bxd8 33. Qxd8 34. Nxc6 35. bxc6 36. Qd3 37. dxc3 38. Qxc3 39. Qd5 40.
Qg3 41. h6 42. b3 43. a6 44. Qg4 45. Qc5 46. Re3 47. a5 48. Kb2 49. Qd5 50. Qe4
51. Qd6 52. Qe5 53. Qg6 54. Rg3 55. Qh7 56. Qxa5 57. Qe4 58. Qc3 59. g6 60. Qe3
61. Qh4 62. Rh3 63. Qf6+ 64. Qc3 65. Qf4 66. Qxc6 67. h5 68. Qf3 69. Qd4+ 70.
Qc3 71. Qxf2 72. Qf3 73. Qd4+ 74. Qc3 75. Qe4 76. Rg3 77. Qf5 78. Qd3 79. Qe5+
80. Qc3 81. Qf5 82. a4 83. Rc8 84. Qd3 85. Qf6+ 86. c3 87. Rd8 88. Qe2 89. Qf4
90. Rd3 91. Rb8 92. Qd2 93. Qxh2 94. Rd8+ 95. Rxd8 96. Qxd8+ 97. Kg7 98. Qd4+
99. Kg8 100. Qd5 101. h4 102. Ka3 103. Qg3 104. c4 105. g5 106. a5 107. g4 108.
a6 109. Qc3 110. Qd8+ 111. Kg7 112. Qg5+ 113. Kf8 114. Qc5+ 115. Kg7 116. a7 117.
Qa1+ 118. Kb4 119. h3 120. Qg5+ 121. Kh7 122. Qh5+ 123. Kg7 124. Qxg4+ Kf6 125.
Qf3+ 1-0

[Event "Druzynowe Mistrzostwa Polski Juniorow - II liga"]
[Site "Sypniewo k. Jastrowia"]
[Date "2023-06-18"]
[Round "5.25"]
[White "Bajer, Tomasz"]
[Black "Jendrowiak, Maciej"]
[Result "1/2-1/2"]
[WhiteTitle "I"]
[BlackTitle "I"]
[WhiteElo "1485"]
[BlackElo "1892"]

1. c4 2. Nf6 3. Nf3 4. c6 5. d4 6. d5 7. e3 8. g6 9. Nc3 10. Bg7 11. Be2 12. O-O
13. O-O 14. Nbd7 15. b3 16. b6 17. Bb2 18. Bb7 19. cxd5 20. Nxd5 21. Nxd5 22.
cxd5 23. Rc1 24. Nf6 25. b4 26. Ne4 27. Qb3 28. Qd7 29. a4 30. a6 31. b5 32. a5
33. Ba3 34. Rfc8 35. Qb2 36. Rxc1 37. Rxc1 38. e6 39. Nd2 40. Nxd2 41. Qxd2 42.
Bf8 43. Bxf8 44. Rxf8 45. Rc3 46. Rc8 47. Bd3 48. Rxc3 49. Qxc3 50. Qc8 51. Qxc8+
52. Bxc8 53. f4 54. f6 55. Kf2 56. Kf7 57. Bc2 58. Bb7 59. h3 60. h6 61. g4 62.
f5 63. Kg3 64. Bc8 65. h4 66. h5 1/2-1/2

[Event "Druzynowe Mistrzostwa Polski Juniorow - II liga"]
[Site "Sypniewo k. Jastrowia"]
[Date "2023-06-18"]
[Round "5.26"]
[White "Wierzbicki, Dawid"]
[Black "Spytek, Hubert"]
[Result "1/2-1/2"]
[WhiteTitle "I"]
[BlackTitle "II+"]
[WhiteElo "1762"]
[BlackElo "1440"]

1. d4 2. Nf6 3. c4 4. g6 5. Nc3 6. d5 7. cxd5 8. Nxd5 9. e4 10. Nxc3 11. bxc3 12.
Bg7 13. Nf3 14. c5 15. Bb5+ 16. Bd7 17. Bxd7+ 18. Nxd7 19. O-O 20. O-O 21. Rb1
22. Qc7 23. Ba3 24. b6 25. Qe2 26. Rfe8 27. e5 28. e6 29. Ng5 30. f6 31. exf6
32. Bxf6 33. Nf3 34. e5 35. d5 36. e4 37. Nd2 38. Qf4 39. g3 40. Qf5 41. Nc4 42.
Ne5 43. Nxe5 44. Rxe5 45. c4 46. Re7 47. Bb2 48. Rae8 49. Bxf6 50. Qxf6 51. Rb3
52. Qd6 53. Re1 54. Qf6 55. Re3 56. Qd4 57. Rd1 58. Qf6 59. Qc2 60. Qd6 61. Rd2
62. Re5 63. Rde2 64. Qf6 65. Rxe4 66. Qd6 67. f4 68. R5e7 69. Kf2 70. a6 71. a4
72. Qd7 73. Kf3 74. Rxe4 75. Rxe4 76. Rxe4 77. Qxe4 78. Qxa4 79. Qe6+ 80. Kf8
81. Qf6+ 82. Kg8 83. Qd8+ 84. Kf7 85. Qc7+ 86. Kf8 87. Qd6+ 88. Ke8 89. Qe6+ 90.
Kf8 91. d6 92. Qc6+ 93. Kg4 94. Qe8 95. Qf6+ 96. Kg8 97. f5 1/2-1/2

[Event "Druzynowe Mistrzostwa Polski Juniorow - II liga"]
[Site "Sypniewo k. Jastrowia"]
[Date "2023-06-18"]
[Round "5.27"]
[White "Nowakowski, Maksymilian"]
[Black "Oles, Mateusz"]
[Result "1-0"]
[WhiteTitle "I"]
[BlackTitle "II"]
[WhiteElo "1646"]
[BlackElo "1471"]

1. f4 2. d5 3. Nf3 4. c5 5. e3 6. g6 7. c4 8. e6 9. Nc3 10. Bg7 11. b3 12. Nc6
13. Bb2 14. Nge7 15. Be2 O-O 16. Na4 17. Bxb2 18. Nxb2 19. Qd6 20. Rc1 21. b6
22. Nd3 23. Bb7 24. O-O 25. f6 26. Qc2 27. e5 28. fxe5 29. fxe5 30. cxd5 31. Nxd5
32. Nf2 33. Nf6 34. Bc4+ 35. Kg7 36. Ng5 37. Nb4 38. Qb2 39. Bd5 40. d4 41. Rfe8
42. Rfd1 43. cxd4 44. exd4 45. e4 46. Qe2 47. Rac8 48. Qe3 49. h6 50. Ngh3 51.
Red8 52. Nf4 53. g5 54. Ne2 55. Qe6 56. h4 57. Ng4 58. Nxg4 59. Qxg4 60. hxg5
61. hxg5 62. a3 63. Bxc4 64. Rxc4 65. Rxc4 66. bxc4 67. Nc2 68. Qd2 69. Nxa3 70.
Rf1 71. Nxc4 72. Qa2 73. b5 74. Qxa7+ 75. Qd7 76. Qa6 77. Nd6 78. d5 79. Rf8 80.
Rxf8 Kxf8 81. Nd4 82. e3 83. Ne6+ 84. Ke7 85. Qa1 86. Nf7 87. Qa3+ 88. Kf6 89.
Qd3 90. Ne5 91. Qf1+ 92. Kg6 93. Nf8+ 94. Kg7 95. Nxd7 96. Nxd7 97. Qxb5 98. Nf6
99. d6 100. Kf7 101. Qe5 102. g4 103. Qxe3 104. Nd5 105. Qe5 106. Nf6 107. Qe7+
108. Kg6 109. d7 110. Nxd7 111. Qxd7 112. Kg5 113. Qe7+ 114. Kh6 115. Qf7 116.
Kg5 117. Qg8+ 118. Kh5 119. Kf2 120. Kh4 121. Ke3 122. Kg3 123. Qg5 1-0

[Event "Druzynowe Mistrzostwa Polski Juniorow - II liga"]
[Site "Sypniewo k. Jastrowia"]
[Date "2023-06-18"]
[Round "5.29"]
[White "Gornisiewicz, Natalia"]
[Black "Nieckarz, Maja"]
[Result "0-1"]
[WhiteTitle "I++"]
[BlackTitle "I++"]
[WhiteElo "1533"]
[BlackElo "1514"]

1. d4 2. Nf6 3. c4 4. g6 5. Nc3 6. Bg7 7. e4 8. d6 9. Nf3 10. O-O 11. Be2 12. e5
13. d5 14. a5 15. Bg5 16. h6 17. Bh4 18. Na6 19. Qc2 20. Bd7 21. h3 22. g5 23.
Bg3 24. Nh5 25. h4 26. g4 27. Nh2 28. Nxg3 29. fxg3 30. h5 31. Nf1 32. Bh6 33.
Nd1 34. f5 35. Nf2 36. Nc5 37. Nd2 38. f4 39. Qc3 40. fxg3 41. Nd3 42. Bxd2+ 43.
Qxd2 44. Nxe4 45. Qh6 46. Qe8 47. Qe3 48. Qg6 49. O-O-O 50. Rf6 51. Kb1 52. Nf2
53. Ka1 54. Nxh1 55. Rxh1 56. Raf8 57. Qxg3 58. e4 59. Ne1 60. Qh6 61. Qc3 62.
Rf2 63. Bd1 64. Qd2 65. Qxd2 66. Rxd2 67. Bc2 68. e3 0-1

[Event "Druzynowe Mistrzostwa Polski Juniorow - II liga"]
[Site "Sypniewo k. Jastrowia"]
[Date "2023-06-18"]
[Round "5.31"]
[White "Wolak, Maciej"]
[Black "Szymkiewicz, Witold"]
[Result "0-1"]
[WhiteTitle "II"]
[BlackTitle "I+"]
[WhiteElo "1317"]
[BlackElo "1820"]

1. e4 2. e6 3. d4 4. d5 5. exd5 6. exd5 7. Nf3 8. Nf6 9. h3 10. Bd6 11. Bd3 12.
O-O 13. O-O 14. c5 15. c3 16. Nc6 17. Be3 18. Qb6 19. Qc2 20. c4 21. Be2 22. Ne7
23. b3 24. Bf5 25. Qd1 26. Rac8 27. bxc4 28. dxc4 29. Nbd2 30. Qa6 31. Ne5 32.
Bxe5 33. dxe5 34. Nfd5 35. Bd4 36. Bd3 37. Bxd3 38. cxd3 39. Qb3 40. Nf4 41. Nf3
42. Qg6 43. Nh4 44. Qg5 45. g3 46. Nf5 47. Nxf5 48. Nxh3+ 49. Kh2 50. Qxf5 51.
Qxb7 52. Ng5 53. Kg2 54. Rb8 55. Qd5 56. Rfd8 57. Qc6 58. Rbc8 59. Qb7 60. Rc7
0-1

[Event "Druzynowe Mistrzostwa Polski Juniorow - II liga"]
[Site "Sypniewo k. Jastrowia"]
[Date "2023-06-18"]
[Round "5.32"]
[White "Wieckowski, Michal"]
[Black "Khimichenko, Dmytro"]
[Result "1-0"]
[WhiteTitle "I"]
[BlackTitle "I"]
[WhiteElo "1612"]
[BlackElo "1457"]

1. d4 2. Nf6 3. c4 4. c5 5. d5 6. b5 7. cxb5 8. a6 9. b6 10. d6 11. Nc3 12. Nbd7
13. e4 14. Rb8 15. Nf3 16. Qxb6 17. Nd2 18. g6 19. Nc4 20. Qc7 21. Be2 22. Bg7
23. O-O 24. O-O 25. f4 26. Nb6 27. Ne3 28. Re8 29. a4 30. Bb7 31. a5 32. Nbd7
33. Nc4 34. Rbd8 35. Bf3 36. Nf8 37. Qb3 38. N6d7 39. e5 40. Rb8 41. Qd1 42. dxe5
43. d6 44. Qd8 45. fxe5 46. Nxe5 47. Nxe5 48. Bxe5 49. Bxb7 50. Bd4+ 51. Kh1 52.
Rxb7 53. Qf3 54. Rd7 55. Qxf7+ 56. Kh8 57. Bg5 58. Rxd6 59. Rae1 60. Qd7 61. Rxe7
1-0

[Event "Druzynowe Mistrzostwa Polski Juniorow - II liga"]
[Site "Sypniewo k. Jastrowia"]
[Date "2023-06-18"]
[Round "5.33"]
[White "Pekala, Dawid"]
[Black "Klask, Franciszek"]
[Result "1/2-1/2"]
[WhiteTitle "I"]
[BlackTitle "II"]
[WhiteElo "1534"]
[BlackElo "1302"]

1. e4 2. c5 3. Nf3 4. e6 5. g3 6. Nc6 7. Bg2 8. Qc7 9. O-O 10. e5 11. c3 12. d6
13. h3 14. Nf6 15. Re1 16. Be7 17. d4 18. Bd8 19. Na3 20. a6 21. Nc2 22. O-O 23.
a4 24. Ne8 25. Ne3 26. Ne7 27. dxe5 28. dxe5 29. Nd5 30. Nxd5 31. Qxd5 32. Bf6
33. Be3 34. b6 35. a5 36. Rb8 37. axb6 38. Rxb6 39. Qxc5 40. Rb5 41. Qxc7 42.
Nxc7 43. b4 44. Rb7 45. Bc5 46. Rd8 47. Red1 48. Rxd1+ 49. Rxd1 50. Ne6 51. Be3
52. Rc7 53. Rc1 54. Bb7 55. Ne1 56. Bc6 57. Nd3 58. Bb5 59. Nc5 60. Nxc5 61. Bxc5
62. Be7 63. Bxe7 64. Rxe7 65. c4 66. Rc7 67. Rd1 68. Be8 69. b5 70. axb5 71. cxb5
72. Rb7 73. Bf1 74. f6 75. Rb1 76. Rb6 77. f3 78. Kf7 79. Kf2 80. Ke7 81. Ke3
82. g6 83. Ra1 84. Rb7 85. Rb1 1/2-1/2

[Event "Druzynowe Mistrzostwa Polski Juniorow - II liga"]
[Site "Sypniewo k. Jastrowia"]
[Date "2023-06-18"]
[Round "5.34"]
[White "Fuks, Milan"]
[Black "Wolak, Jan"]
[Result "0-1"]
[WhiteTitle "II"]
[BlackTitle "II"]
[WhiteElo "1170"]
[BlackElo "1394"]

1. e4 2. c5 3. Nf3 4. Nc6 5. d4 6. cxd4 7. Nxd4 8. g6 9. Be2 10. Bg7 11. Nb3 12.
Nf6 13. Nc3 14. O-O 15. O-O 16. d6 17. Bg5 18. a6 19. Re1 20. b5 21. Bf1 22. Re8
23. Nd5 24. Nxd5 25. exd5 26. Ne5 27. c3 28. Nc4 29. Bxc4 30. bxc4 31. Nd4 32.
Bb7 33. Nc6 34. Bxc6 35. dxc6 36. h6 37. Be3 38. d5 39. Qa4 40. Qc7 41. Rad1 42.
e6 43. Bd4 44. Rec8 45. Bxg7 46. Kxg7 47. Re3 48. Qxc6 49. Qc2 50. Rab8 51. Qd2
52. Qb6 53. Rh3 54. Rh8 55. Qf4 56. Rb7 57. Rf3 58. Qxb2 59. Qf6+ 60. Kh7 61.
Rh3 62. Qe2 63. Rxh6+ 64. Kxh6 65. Qxh8+ 66. Kg5 67. Qd4 68. Rb2 69. g3 70. Qe4
71. Qh8 72. Rxa2 73. h4+ 74. Kg4 75. Qf6 76. Kh3 77. f3 78. Qe3+ 79. Kh1 80. Rh2#
0-1

[Event "Druzynowe Mistrzostwa Polski Juniorow - II liga"]
[Site "Sypniewo k. Jastrowia"]
[Date "2023-06-18"]
[Round "5.35"]
[White "Szopa, Emilia"]
[Black "Czarkowska, Dalia"]
[Result "1-0"]
[WhiteTitle "I++"]
[BlackTitle "I"]
[WhiteElo "1697"]
[BlackElo "1253"]

1. e4 2. c6 3. d4 4. d5 5. Nc3 6. dxe4 7. Nxe4 8. Bf5 9. Ng3 10. Bg6 11. Nh3 12.
h6 13. Nf4 14. Bh7 15. c3 16. e6 17. Bd3 18. Bxd3 19. Nxd3 20. Nf6 21. O-O 22.
Be7 23. f4 O-O 24. f5 25. Bd6 26. fxe6 27. fxe6 28. Qe2 29. Qe7 30. Bf4 31. Nbd7
32. Rae1 33. Rfe8 34. Qf3 35. Bxf4 36. Nxf4 37. Qd6 38. Ng6 39. Qd5 40. Qd3 41.
Nf8 42. Re5 43. Qd7 44. Nxf8 45. Rxf8 46. Qe2 47. Rae8 48. Re1 49. Nd5 50. Nh5
51. Qf7 52. Rxe6 53. Rxe6 54. Qxe6 55. Qxe6 56. Rxe6 57. Rf7 58. Re8+ 59. Kh7
60. a3 61. a6 62. Re5 63. Nb6 64. b3 65. g6 66. Ng3 67. Nd7 68. Re6 69. Nf6 70.
Ne4 71. Nxe4 72. Rxe4 73. g5 74. Re3 75. Kg6 76. a4 77. Rf6 78. Re7 79. b6 80.
Ra7 c5 81. dxc5 82. bxc5 83. Rc7 84. Rb6 85. Rxc5 86. Rxb3 87. Kf2 88. Ra3 89.
a5 90. h5 91. Kf3 92. g4+ 93. Kf4 94. Ra4+ 95. c4 96. Ra2 97. Rc6+ 98. Kf7 99.
Rxa6 100. Rxg2 101. Ra8 102. Ke7 103. a6 104. Rxh2 105. a7 106. Ra2 107. Rh8 108.
Rf2+ 109. Kg3 110. Rf3+ 111. Kg2 112. Ra3 113. a8=Q 114. Rxa8 115. Rxa8 116. h4
117. Rh8 118. h3+ 119. Kg3 120. Kd6 1-0

[Event "Druzynowe Mistrzostwa Polski Juniorow - II liga"]
[Site "Sypniewo k. Jastrowia"]
[Date "2023-06-18"]
[Round "5.36"]
[White "Walewska, Natalia"]
[Black "Pajak, Patrycja"]
[Result "1/2-1/2"]
[WhiteTitle "I"]
[BlackTitle "I"]
[WhiteElo "1267"]
[BlackElo "1268"]

1. e4 2. c5 3. Nf3 4. g6 5. d4 6. cxd4 7. Qxd4 8. Nf6 9. Nc3 10. Nc6 11. Qa4 12.
e5 13. Bg5 14. Bb4 15. Bb5 16. Bxc3+ 17. bxc3 18. h6 19. Bh4 20. O-O 21. O-O 22.
Kg7 23. Bg3 24. Re8 25. Bxc6 26. dxc6 27. Nxe5 28. Nh5 29. Nd3 30. Nxg3 31. hxg3
32. h5 33. f3 34. Qg5 35. Qd4+ 36. Kh7 37. Qf2 38. f5 39. f4 40. Qf6 41. e5 42.
Qf7 43. Nc5 44. b6 45. Nb3 46. Be6 47. Rfd1 48. Rad8 49. Qe1 50. c5 51. Rd2 52.
Rxd2 53. Qxd2 54. Re7 55. Rd1 56. Rd7 57. Qe2 58. Rxd1+ 59. Qxd1 60. Qd7 61. Qd3
62. Kg7 63. Kf2 64. Kf7 65. Ke3 66. Ke7 67. Ke2 68. Qc6 69. Qf3 70. Bd5 71. Qf2
72. Bxg2 73. Nd2 74. Bd5 75. c4 76. Bg2 77. Qe3 78. Qe6 79. Qa3 1/2-1/2

[Event "Druzynowe Mistrzostwa Polski Juniorow - II liga"]
[Site "Sypniewo k. Jastrowia"]
[Date "2023-06-18"]
[Round "5.37"]
[White "Syrkiewicz, Michal"]
[Black "Jagodzinski, Jaromir"]
[Result "1-0"]
[WhiteTitle "k"]
[BlackTitle "II+"]
[WhiteElo "1945"]
[BlackElo "1477"]

1. e4 2. e5 3. Bc4 4. Nf6 5. d3 6. Bc5 7. Nf3 8. d6 9. c3 10. O-O 11. O-O 12. Bg4
13. Nbd2 14. Nbd7 15. a4 16. a5 17. Re1 18. c6 19. Ba2 20. Qc7 21. Nf1 22. Rfe8
23. Ne3 24. Nf8 25. Nxg4 26. Nxg4 27. d4 28. exd4 29. Ng5 30. Nh6 31. cxd4 32.
Bb4 33. Re3 34. Ne6 35. Nxe6 36. fxe6 37. Rg3 38. Nf7 39. Qg4 40. Nd8 41. Bg5
42. d5 43. Bf6 44. Bf8 45. e5 46. Qf7 47. Bb1 48. g6 49. Qh5 50. Bg7 51. Bxg6
52. hxg6 53. Rxg6 54. Re7 55. Rxg7+ 56. Qxg7 57. Bxg7 58. Kxg7 59. Ra3 60. Nf7
61. Rg3+ 62. Kf8 63. Qh7 64. Ree8 65. Rf3 66. Ke7 67. Rxf7+ 68. Kd8 69. Rd7+ 70.
Kc8 71. Rc7+ 72. Kb8 73. Rxb7+ 74. Kc8 75. Qd7# 1-0

[Event "Druzynowe Mistrzostwa Polski Juniorow - II liga"]
[Site "Sypniewo k. Jastrowia"]
[Date "2023-06-18"]
[Round "5.38"]
[White "Baranowski, Jan"]
[Black "Olszewski, Antoni"]
[Result "1-0"]
[WhiteTitle "II"]
[BlackTitle "I"]
[WhiteElo "1294"]
[BlackElo "1767"]

1. d4 2. d5 3. c4 4. c6 5. Nc3 6. e6 7. Nf3 8. dxc4 9. e4 10. b5 11. a4 12. Bb4
13. Bd2 14. a6 15. axb5 16. Bxc3 17. Bxc3 18. cxb5 19. b3 20. Bb7 21. bxc4 22.
bxc4 23. d5 24. Nf6 25. dxe6 26. Qxd1+ 27. Rxd1 28. fxe6 29. Ng5 30. Nxe4 31.
Bxg7 32. Rg8 33. Nxe6 34. Ke7 35. Bxc4 36. Nc3 37. Bxc3 38. Rc8 39. Bb4+ 40. Kf6
41. Rd4 42. a5 43. Rf4+ 44. Ke5 45. Bc3+ 46. Kd6 47. O-O 48. Rxc4 49. Rxc4 50.
Kxe6 51. Re1+ 52. Kd5 53. Rd4+ 54. Kc5 55. Re5+ 56. Kb6 57. Rd6+ 58. Nc6 59. Bd4+
60. Kc7 61. Red5 62. Re8 63. h3 64. a4 65. Rd7+ 66. Kc8 67. Bb6 68. a3 69. Rc7+
70. Kb8 71. Rdd7 72. Re1+ 73. Kh2 74. Bc8 75. Rxc8+ 76. Kxc8 77. Rc7+ 78. Kb8
79. Rxc6 80. Kb7 81. Rh6 82. Rd1 83. Ba5 84. Rc1 85. Rxh7+ 86. Ka6 87. Bd8 88.
Rc6 89. Rh5 90. Kb7 91. Ra5 92. Ra6 93. Rxa6 94. Kxa6 95. Bf6 1-0

[Event "Druzynowe Mistrzostwa Polski Juniorow - II liga"]
[Site "Sypniewo k. Jastrowia"]
[Date "2023-06-18"]
[Round "5.39"]
[White "Chmielnicki, Michal"]
[Black "Ejsymont, Eryk"]
[Result "1-0"]
[WhiteTitle "II"]
[BlackTitle "II+"]
[WhiteElo "1087"]
[BlackElo "1385"]

1. d4 2. Nf6 3. Nc3 4. g6 5. e4 6. d6 7. Bg5 8. Bg7 9. e5 10. Nfd7 11. f4 12. f6
13. exf6 14. Nxf6 15. Nf3 16. Bg4 17. h3 18. Bxf3 19. Qxf3 20. c6 21. O-O-O 22.
d5 23. Bd3 24. Nbd7 25. Rhe1 26. Qb6 27. f5 28. h6 29. Bf4 30. g5 31. Bd6 32.
Bf8 33. Qe3 34. O-O-O 35. Bg3 36. h5 37. Kb1 38. h4 39. Bh2 40. Re8 41. Na4 42.
Qb4 43. Nc5 44. Nxc5 45. dxc5 46. Nd7 47. a3 48. Qxc5 49. Qxg5 50. Qb6 51. Qg6
52. Nf6 53. Be5 54. Rh6 55. Qf7 56. Rd8 57. Bf4 58. Rh7 59. Qe6+ 60. Nd7 61. f6
62. Rh8 63. fxe7 64. Re8 65. exf8=Q 66. Rexf8 67. Bf5 68. Qd8 69. Bg5 70. Qxg5
71. Qxd7+ 72. Kb8 73. Re7 74. Qxe7 75. Qxe7 76. Rxf5 77. Re1 78. Rg8 79. Qd7 80.
Rc8 81. Re7 82. Rf1+ 83. Ka2 84. Ra1+ 85. Kxa1 86. Rc7 87. Qxc7+ 88. Ka8 89. Qxb7#
1-0